| 000 | 00927pam a2200277 a 4500 | ||
|---|---|---|---|
| 001 | 1560535 | ||
| 005 | 20150528114250.0 | ||
| 008 | 920707r20031993enkad frb f001 0 eng d | ||
| 020 | _a0198288107 | ||
| 020 | _a9780198288107 | ||
| 040 |
_aDLC _beng _cDLC _dDLC _dEG-ScBUE |
||
| 082 | 0 | 4 |
_a330.015195 _bCOI _222 |
| 245 | 0 | 0 |
_aCo-integration, error correction, and the econometric analysis of non-stationary data / _cAnindya Banerjee ... [et al.]. |
| 260 |
_aOxford ; _aNew York : _bOxford University Press, _c2003. |
||
| 300 |
_axiii, 329 p. : _bchart, tables ; _c24 cm. |
||
| 490 | 0 | _aAdvanced texts in econometrics | |
| 500 | _aIndex : p. 323-329. | ||
| 500 | _aReprint of the 1993 ed. | ||
| 504 | _aBibliography : p. 311-320. | ||
| 650 | 0 |
_aEconometric models. _2BUEsh |
|
| 651 | _2BUEsh | ||
| 653 |
_bBUSECO _cMay2015 |
||
| 655 |
_vreading book _934232 |
||
| 700 | 1 | _aBanerjee, Anindya. | |
| 942 |
_2ddc _k330.015195 COI |
||
| 999 |
_c19456 _d19428 |
||